000 00306nam a2200121Ia 4500
999 _c18741
_d18741
082 _a664.804 772
_bCRO/PR
100 _aCrowther ,P C
245 _aProcessing of banana products for food use
260 _aLondon
_bTropical products institute
_c1979
300 _a18
546 _aEnglish
942 _2ddc
_cREP